[Event "Oberfranken-ch Q 0708"]
[Site "Schney"]
[Date "2008.01.03"]
[Round "3"]
[White "Rahn, Manfred"]
[Black "Hertrich, Werner"]
[Result "1-0"]
[WhiteElo "1872"]
[BlackElo "1701"]
[PlyCount "91"]
[EventDate "2008.01.02"]
[EventType "swiss"]
[EventRounds "7"]
[EventCountry "GER"]
[SourceTitle "EXT 2010"]
[Source "ChessBase"]
[SourceDate "2010.11.25"]
[SourceVersion "1"]
[SourceVersionDate "2010.11.25"]
[SourceQuality "1"]

1. e4 d6 2. d4 Nf6 3. Bd3 e5 4. dxe5 dxe5 5. Nf3 Nc6 6. c3 Bg4 7. 0-0 Be7 8. Bg5 Nd7 9. Bxe7 Qxe7 10. Nbd2 0-0 11. Bb5 f5 12. Qb3+ Kh8 13. Bxc6 bxc6 14. Qc4 Rf6 15. exf5 Bxf5 16. Ne4 Bxe4 17. Qxe4 Raf8 18. Rad1 Rh6 19. Rd2 Rf4 20. Qe3 Re6 21. Rfd1 Rd6 22. Rxd6 cxd6 23. Qxa7 e4 24. Ne1 c5 25. Qa8+ Rf8 26. Qd5 e3 27. Nf3 e2 28. Re1 Nb6 29. Qd3 Re8 30. b3 Nd7 31. Kh1 Nf6 32. Ng1 Ng4 33. Rxe2 Qxe2 34. Qxe2 Rxe2 35. Nxe2 Nxf2+ 36. Kg1 Nd3 37. g3 Ne5 38. a4 Nc6 39. Kf2 Kg8 40. Ke3 Kf7 41. Ke4 Ke6 42. Nf4+ Kd7 43. h4 Na5 44. b4 cxb4 45. cxb4 Nc6 46. Nd5 1-0

[Event "Seebach op 16th"]
[Site "Grossenseebach"]
[Date "2005.05.28"]
[Round "6"]
[White "Walter, Florian"]
[Black "Hertrich, Werner"]
[Result "1-0"]
[WhiteElo "1600"]
[BlackElo "1747"]
[PlyCount "37"]
[EventDate "2005.05.26"]
[EventType "swiss"]
[EventRounds "7"]
[EventCountry "GER"]
[SourceTitle "EXT 2018"]
[Source "ChessBase"]
[SourceDate "2017.10.13"]
[SourceVersion "1"]
[SourceVersionDate "2017.10.13"]
[SourceQuality "1"]

1. e4 d6 2. d4 Nf6 3. Nc3 g6 4. f3 c6 5. Bf4 Bg7 6. Qd2 Nbd7 7. Bh6 Bxh6 8. Qxh6 Qb6 9. 0-0-0 c5 10. d5 Ne5 11. Bb5+ Bd7 12. Bxd7+ Nexd7 13. f4 0-0-0 14. Nf3 Ng4 15. Qh4 Ne3 16. Rd3 Nxg2 17. Qg3 c4 18. Rd4 Ne3 19. Re1 1-0

[Event "Seebach op 14th"]
[Site "Grossenseebach"]
[Date "2003.06.20"]
[Round "4"]
[White "Singer, Michael"]
[Black "Hertrich, Werner"]
[Result "1/2-1/2"]
[WhiteElo "1660"]
[BlackElo "1738"]
[PlyCount "51"]
[EventDate "2003.06.19"]
[EventType "swiss"]
[EventRounds "7"]
[EventCountry "GER"]
[SourceTitle "EXT 2018"]
[Source "ChessBase"]
[SourceDate "2017.10.13"]
[SourceVersion "1"]
[SourceVersionDate "2017.10.13"]
[SourceQuality "1"]

1. e4 d6 2. d4 Nf6 3. Nc3 g6 4. Nf3 Bg7 5. Bc4 0-0 6. Bg5 Nxe4 7. Nxe4 d5 8. Bd3 dxe4 9. Bxe4 c6 10. c3 Be6 11. 0-0 h6 12. Bf4 Bd5 13. Bxd5 Qxd5 14. Re1 Re8 15. Qd2 Kh7 16. Be5 f6 17. Bg3 Nd7 18. Qc2 e5 19. c4 Qf7 20. dxe5 Nxe5 21. Nxe5 fxe5 22. Re4 Rad8 23. b3 Rd4 24. Rd1 Red8 25. Rdxd4 exd4 26. Qd3 1/2-1/2